Zasadala RKM DPO

Bibliographic Details
Main Author: Roth, Ján (Author)
Format: Article
Language:Slovak
Subjects:

MARC

LEADER 00000nab a2200000 a 4500
001 vtls009277539
003 SK-MaSNL
005 20260303052440.0
008 140617c2008 xo sr|p|||||||000 b|slo
015 |a SNBRB2008/04  |2 snkbucl 
038 |a SNKBUCL 
040 |a SNKBUCL  |b slo  |c SNKBUCL  |e AACR2 
041 0 |a slo 
044 |a xo  |c SK 
080 |a 614.842.8  |x (437.6)  |2 2001 
080 |a 061.25  |2 2001 
080 |a 061.3  |2 2001 
100 1 |a Roth, Ján  |4 aut  |9 439196 
245 1 0 |a Zasadala RKM DPO  |c Ján Roth 
610 2 7 |a Dobrovoľná požiarna ochrana Slovenskej republiky.  |b Republiková komisia mládeže  |2 snkbucl  |9 872901 
648 7 |a 2008  |2 snkbucl  |9 317238 
650 0 7 |a zasadanie  |2 snkbucl  |9 280253 
773 0 |t Požiarnik  |g Roč. LXXXV, č. 3 (2008), s. 3  |x 0231-617X 
852 |a SNK  |b KIS3GCP 
958 |a SK 
999 |c 1715364  |d 1717294